LEADER 03122nam 2200661Ia 450 001 9910454510703321 005 20211005021816.0 010 $a0-19-045267-6 010 $a1-282-05400-7 010 $a9786612054006 010 $a0-19-972829-1 035 $a(CKB)1000000000747105 035 $a(EBL)430745 035 $a(OCoLC)368260166 035 $a(SSID)ssj0000121006 035 $a(PQKBManifestationID)11142226 035 $a(PQKBTitleCode)TC0000121006 035 $a(PQKBWorkID)10092446 035 $a(PQKB)11297684 035 $a(MiAaPQ)EBC430745 035 $a(Au-PeEL)EBL430745 035 $a(CaPaEBR)ebr10288469 035 $a(CaONFJC)MIL205400 035 $a(MiAaPQ)EBC5797988 035 $a(EXLCZ)991000000000747105 100 $a20080923d2009 uy 0 101 0 $aeng 135 $aur|n|---||||| 181 $ctxt 182 $cc 183 $acr 200 10$aChildren and pollution$b[electronic resource] $ewhy scientists disagree /$fColleen F. Moore 210 $aOxford ;$aNew York $cOxford University Press$d2009 215 $a1 online resource (375 p.) 300 $aDescription based upon print version of record. 311 $a0-19-538666-3 320 $aIncludes bibliographical references (p. 259-338) and index. 327 $aContents; Prologue; 1 Lead and the Roots of Environmental Controversies; 2 Mercury: Not Just a Fish Story; 3 PCBs: Another Global Pollutant; 4 Neurotoxins Influence Neurodevelopment: Organophosphorus and Carbamate Pesticides; 5 Noise: A Barrier to Children's Learning; 6 It Isn't Fair: Environmental Pollution Disasters and Community Relocations; 7 The Best Science, Values, and the Precautionary Principle to Protect Children; 8 Protect Your Family, Protect Our Planet; Afterword: A Few Remarks on Global Warming; Appendix: Understanding Two Important Statistical Concepts; Endnotes; References 327 $aIndex 330 $aHow does pollution impact our daily quality of life? What are the effects of pollution on children's development? Why do industry and environmental experts disagree about what levels of pollutants are safe? In this clearly written book, Moore traces the debates around five key pollutants---lead, mercury, noise, pesticides, and dioxins and PCBs---and provides an overview of the history of each pollutant, basic research findings, and the scientific and regulatory controversies surrounding it. Moore focuses, in particular, on the impact of these pollutants on children's psychological development- 606 $aPediatric toxicology 606 $aEnvironmental toxicology 606 $aPollution$xPsychological aspects 608 $aElectronic books. 615 0$aPediatric toxicology. 615 0$aEnvironmental toxicology. 615 0$aPollution$xPsychological aspects. 676 $a618.92 676 $a618.92/98 676 $a618.9298 700 $aMoore$b Colleen F.$f1950-$0987728 801 0$bMiAaPQ 801 1$bMiAaPQ 801 2$bMiAaPQ 906 $aBOOK 912 $a9910454510703321 996 $aChildren and pollution$92258274 997 $aUNINA LEADER 01163nam a22002771i 4500 001 991002205509707536 005 20030613082144.0 008 030925s1963 it |||||||||||||||||ita 035 $ab12256663-39ule_inst 035 $aARCHE-030427$9ExL 040 $aBiblioteca Interfacoltà$bita$cA.t.i. Arché s.c.r.l. Pandora Sicilia s.r.l. 082 04$a195 100 1 $aMancini, Italo$0152479 245 13$aIl giovane Rosmini /$cItalo Mancini 260 $aUrbino :$bArgalìa,$cstampa 1963 300 $av. ;$c22 cm 600 4$aRosmini Serbati, Antonio$xPensiero filosofico 907 $a.b12256663$b02-04-14$c08-10-03 912 $a991002205509707536 945 $aLE002 A Fil. V A 20$g2$i2002000063847$lle002$o-$pE0.00$q-$rl$s- $t0$u0$v0$w0$x0$y.i12645953$z08-10-03 945 $aLE002 195 ROS D MAN 945 $aLE002 Fil. IV L 15$g1$i2002000064561$lle002$o-$pE0.00$q-$rl$s- $t0$u0$v0$w0$x0$y.i12645965$z08-10-03 945 $aLE022 MP 79 F 35$cV. 1$g1$i2022000159715$lle022$o-$pE0.00$q-$rl$s- $t0$u0$v0$w0$x0$y.i13835191$z06-09-04 996 $aGiovane Rosmini$9151527 997 $aUNISALENTO 998 $ale002$ale022$b08-10-03$cm$da $e-$fita$git $h3$i2